| 000 | 00796nam a2200241 a 4500 | ||
|---|---|---|---|
| 001 | BRCA_1075 | ||
| 005 | 20190320203252.0 | ||
| 008 | 220508s1998----mx-a######---#000-0#spa-# | ||
| 020 | _a9688428957 | ||
| 041 | _aspa | ||
| 044 | _amx | ||
| 050 | 4 |
_aN8237.8.R3 _b.V53 1998 |
|
| 245 | 1 | 0 |
_aLas vías del arte _ctextos de Carlos Sansores S. ; fotografía Francisco Kochen. |
| 260 |
_aMéxico _bSector Comunicaciones y Transportes : Ferrocarriles Nacionales de México _c1998 |
||
| 300 |
_a201 p. _bil. a color _c28 cm. |
||
| 504 | _aBibliografía: 190-194 | ||
| 650 | 1 | 4 |
_aFerrocarriles en el arte _93541 |
| 650 | 1 | 4 |
_aArte mexicano _ySiglo XIX-XX _93542 |
| 650 | 1 | 4 |
_aArte _ySiglo XIX-XX _zMéxico _93543 |
| 700 | 1 |
_aSansores S., Carlos _93544 |
|
| 700 | 1 |
_aKochen, Francisco _93545 |
|
| 942 |
_2lcc _cB |
||
| 999 |
_c954 _d954 |
||